Paradigmas de gobernación y de la exclusión social en la educación : fundamentos para el análisis de la discriminación escolar contemporánea /

Enregistré dans:
Détails bibliographiques
Auteur principal: Luengo, Julián J. (comp.)
Format: Livre
Langue:espagnol
Publié: Barcelona, España : Pomares, 2005, c2005
Collection:(Educación y Conocimiento)
Sujets:
Tags: Ajouter un tag
Pas de tags, Soyez le premier à ajouter un tag!

MARC

LEADER 00000nam^a2200000^a^4500
001 000189562
005 20250521000000.0
009 20260310102418.771
020 |a 84-87682-62-6 
037 |a Acervo ITESO - Biblioteca 
041 |a ESP 
082 |a 370. 1934  |b LUE 
100 |a Luengo, Julián J.  |e (comp.) 
245 1 0 |a Paradigmas de gobernación y de la exclusión social en la educación :  |b fundamentos para el análisis de la discriminación escolar contemporánea /  |c Comp. e introd. de J.J. Luengo ; tr. por José M. Pomares, Antonio Luzón. 
264 4 |a Barcelona, España :  |b Pomares,  |c 2005, c2005 
300 |a 272 p. 
336 |a texto  |b txt  |2 rdacontenido 
337 |a sin mediación  |b n  |2 rdamedio 
338 |a volumen  |b nc  |2 rdasoporte 
440 1 |a (Educación y Conocimiento) 
649 |a XX 
650 |a Grupos Etnicos 
650 |a Indígenas 
650 |a Género 
650 |a Racismo 
650 |a Marginación 
650 |a Discriminación 
650 |a Igualdad y Desigualdad 
650 |a Problemas Sociales 
650 |a Clases Sociales 
650 |a Estructura Demográfica 
650 |a Bienestar 
650 |a Programas Sociales 
650 |a Acceso a la Educación 
650 |a Educación y Sociedad -  |x Tema Principal 
650 |a Responsabilidad del Estado 
650 |a Política Educativa 
650 |a Educación y Política 
650 |a Sociología de la Educación 
910 |a Fondo General 
920 |a Impresos - Libros 
930 |a Colección General 
905 |a 101 
901 |a 0500132612  |b IT1  |c ACC  |u 20250521 
902 |a https://opac.biblio.iteso.mx/vufind/Record/000189562